Statistics for Meteor shower months & comets

Click here to take the quiz!

General Stats

  • This quiz has been taken 4 times
  • The average score is 2 of 15

Answer Stats

QuestionAnswer% Correct
The Ata Aquarids generally happen in what month?April/May
50%
The Geminids generally happen in what month?December
25%
The Orionids are produced from debris of which comet?Halley
25%
The Perseids generally happen in what month?July/August
25%
The Leonids generally happen in what month?November
25%
The Orionids generally happen in what month?October
25%
The Lyrids are produced from debris of which comet?Thatcher
25%
The Quadrantids are produced from debris of which comet?2003 EH1
0%
The Lyrids generally happen in what month?April
0%
The Ursids generally happen in what month?December
0%
The Quadrantids generally happen in what month?January
0%
The Draconids generally happen in what month?October
0%
The Geminids are produced from debris of which comet?Phaethon
0%
The Perseids are produced from debris of which comet?Swift Tuttle
0%
The Leonids are produced from debris of which comet?Tempel tuttle
0%

Score Distribution

Percentile by Number Answered

Percent of People with Each Score

Your Score History

You have not taken this quiz